00535nam a22002057a 450000500170000001000130001702000100003003500130004003700160005304000120006908200160008110000180009724500660011526000320018127000360021330000210024965000200027065000210029070000180031120170124110055.0 aA-410341 c70.00 aA-410341 bCen Lib/Ret aDPLbEN a657.42bRAT aRathnam, P.V. aAdvanced costing advisor /cby P.V. Rathnam [and] P. Lalitha aAllahbadbKitab Mahalc1989 a84, K. P. Kakkar RoadbAllahbad a640p. c20cm(Hb) aCosting Advisor aContract Costing aLalitha, P.